01331nam a2200229 a 4500008004100000050001500041100002100056245004000077246002000117260005800137300003000195350000900225650001400234650001400248995014600262995014900408995014900557999001700706952012600723952012600849952012600975120416s1981 ||||||||||||||||| || u aHC 800 Ind aAdedeji, Adebayo10aIndigenization of African economies aAdebayo Adedeji aLondonbHutchison University Library for Africac1981 a413 pages : illustrations a0.00 0aECONOMICS aTEXTBOOKS aTEXTBOOKS (SB)D0.00e01246FCBU-SCHOOL TEXTBOOK COLLECTIONSH1I0.00jSCHOOL TEXTBOOKM3UAVAILABLEWSep 16, 2009y01246ZSchool Collections aANNEX COLLECTION (Main Library)D0.00e708606FCBU-MAIN LIBRARY (Kitwe)H1I26.40jHC 800 IndM1UAVAILABLEy003278ZAnnex Low-Usage Collection  aANNEX COLLECTION (Main Library)D0.00e708605FCBU-MAIN LIBRARY (Kitwe)H2I26.40jHC 800 IndM2UAVAILABLEy003277ZAnnex Low-Usage Collection  c76472d76472 00102lcc4070a005b005c(SB) School Collectionsd2023-04-25l0oSCHOOL TEXTBOOKp01246r2023-04-25t1w2023-04-25y002 00102lcc4070a001b001cAnnex Low-Usage Collection d2023-04-25l0oHC 800 Indp003278r2023-04-25t2w2023-04-25y002 00102lcc4070a001b001cAnnex Low-Usage Collection d2023-04-25l0oHC 800 Indp003277r2023-04-25t3w2023-04-25y002